000 00865nam a2200277 a 4500
001 35704
003 BD-RjUL
005 20211209052351.0
008 140529s1953 e b 001 0 eng
035 _a(BD-RjUL)35799
040 _aDLC
_cDLC
_dDLC
_dBD-RjUL
_beng
041 _aeng
082 0 0 _a320.52
_219
_bKIC 1953
100 1 _aKirk, Russell.
_9108729
245 1 4 _aThe conservative mind /
_cby Russell Kirk.
260 _aLondon :
_bfaber and faber Lit.,
_c1953.
300 _a480 p. ;
_c24 cm.
500 _aRev. ed. of: The conservative mind, from Burke to Santayana. 1953.
500 _aIncludes index.
504 _aBibliography: p. [515]-524.
650 0 _aConservatism
_xHistory.
_9108730
700 1 _aKirk, Russell.
_tConservative mind, from Burke to Santayana.
_9108731
942 _2ddc
_cBK
999 _c35704
_d35704